Regional geology of Fujian Province /
Saved in:
| Corporate Author: | |
|---|---|
| Format: | Book |
| Language: | English |
| Published: |
Beijing :
Geological Publishing House,
[1985].
|
| Series: | Geological memoirs.
no. 4 |
| Subjects: | |
| Tags: |
Add Tag
No Tags, Be the first to tag this record!
|
| LEADER | 01403nam a2200301 a 4500 | ||
|---|---|---|---|
| 001 | MIU01-008564453 | ||
| 003 | MiU | ||
| 005 | 20100903101616.0 | ||
| 008 | 100902s1985 cc bd r 000 0 eng | ||
| 035 | |a (OCoLC)660165205 | ||
| 035 | |a (OCoLC)ocn660165205 | ||
| 038 | |a MiU | ||
| 040 | |a EYM |c EYM | ||
| 041 | 0 | |a eng | |
| 043 | |a a-cc-fu | ||
| 049 | |a EYMv | ||
| 090 | |a QE294 |b .F8 1985 | ||
| 245 | 0 | 0 | |a Regional geology of Fujian Province / |c bureau of geology and mineral resources of Fujian Province. |
| 260 | |a Beijing : |b Geological Publishing House, |c [1985]. | ||
| 300 | |a 56 p. : |b charts ; |c 28 cm. + |e 4 maps | ||
| 440 | 0 | |a Geological memoirs. |n series 1 ; |v no. 4 | |
| 500 | |a Photocopy of "brief text," pp. 615-671 from Fujian Sheng qu yu di zhi zhi . | ||
| 500 | |a Maps col. photocopies, reduced %. | ||
| 588 | |a This bibliographic record is available under the Creative Commons CC0 public domain dedication. The University of Michigan Libraries, as creator of this bibliographic record, has waived all rights to it worldwide under copyright law, including all related and neighboring rights, to the extent allowed by law. | ||
| 650 | 0 | |a Geology |z China |z Fujian Sheng. | |
| 651 | 0 | |a China |x Geology |z Fujian Sheng |v Maps. | |
| 710 | 1 | |6 880-01 |a Fujian Sheng (China). |b Di zhi kuang chan ju. |t Fujian Sheng qu yu di zhi zhi. | |
| 880 | 1 | |6 710-01/ |a 福建省 (China). |b 地质矿产局. |t 福建省区域地质志 | |


